| 000 | 00514nam a22001577a 4500 | ||
|---|---|---|---|
| 008 | 150618b xxu||||| |||| 00| 0 eng d | ||
| 020 | _a9781444126037 | ||
| 050 | _aQ 173 .R573 2005 | ||
| 100 | _aRiley, Peter D. | ||
| 245 |
_aCambridge checkpoint science 1 / _cPeter D. Riley |
||
| 260 |
_aUnited Kingdom : _bCambridge University Press, _cc2005 |
||
| 300 |
_a250 pages., _bcolor illustrations., ; _c27 cm. |
||
| 500 | _aIncludes index. | ||
| 650 | _aBiology -- Chemistry -- Physics -- | ||
| 942 |
_2lcc _cBK |
||
| 999 |
_c288278 _d288278 |
||